| 000 | 00385 a2200157 4500 | ||
|---|---|---|---|
| 005 | 20250620130323.0 | ||
| 020 | _a0304293288 | ||
| 082 | _a380.1 HAR | ||
| 100 | _aHARVEY,H. | ||
| 245 | _aThe Elements of Commerce | ||
| 250 | _a2nd Ed. | ||
| 260 |
_aLondon. _bCassell LTD _c1970. |
||
| 300 |
_aViii,146p. tables _bIndex _c21cm |
||
| 700 | _aOLIPHAT, L. & CARRAD, H.L | ||
| 942 |
_2ddc _cBKS |
||
| 999 |
_c4532 _d4532 |
||